|
|
|
|
| LEADER |
00000cam a2200000 7i4500 |
| 001 |
0000004364 |
| 005 |
20151222.0 |
| 008 |
070806 |
| 020 |
|
|
|a 9838524255
|
| 090 |
0 |
0 |
|a JF
|b CT MAL (5217)
|
| 100 |
0 |
|
|a Khadijah Hashim
|
| 245 |
1 |
0 |
|a Bawang putih bawang merah
|c Khadijah Hashim
|
| 260 |
|
|
|a Shah Alam :
|b 'K' publishing ,
|c 2005
|
| 440 |
|
|
|a Siri legenda
|
| 500 |
|
|
|a Children ages 7-9 years old (orange)
|
| 650 |
|
0 |
|a Malay fiction
|x classic tales
|
| 999 |
|
|
|a 0000951090
|b Book
|c Children Collection
|e Cawangan Tmn. Ungku Tun Aminah
|
| 999 |
|
|
|a 0000951092
|b Book
|c Children Collection
|e Cawangan Taman Universiti
|
| 999 |
|
|
|a 0000972031
|b Book
|c Children Collection
|e Perbadanan Perpustakaan Awam Johor
|
| 999 |
|
|
|a 0000972032
|b Book
|c Children Collection
|e Perbadanan Perpustakaan Awam Johor
|
| 999 |
|
|
|a 0000972033
|b Book
|c Children Collection
|e Perbadanan Perpustakaan Awam Johor
|
| 999 |
|
|
|a 0000972034
|b Book
|c Children Collection
|e Perbadanan Perpustakaan Awam Johor
|
| 999 |
|
|
|a 0000972035
|b Book
|c Children Collection
|e Perbadanan Perpustakaan Awam Johor
|
| 999 |
|
|
|a 0001150532
|b Book
|c Children Collection
|e Cawangan Taman Universiti
|
| 999 |
|
|
|a 0001150533
|b Book
|c Children Collection
|e Cawangan Segamat
|
| 999 |
|
|
|a 0001150538
|b Book
|c Children Collection
|e Cawangan Bandar Penawar
|
| 999 |
|
|
|a 0001150539
|b Book
|c Children Collection
|e Cawangan Mersing
|
| 999 |
|
|
|a 0001150540
|b Book
|c Children Collection
|e Cawangan Taman Universiti
|
| 999 |
|
|
|a 0001150850
|b Book
|c Children Collection
|e Cawangan Pontian
|
| 999 |
|
|
|a 0001150852
|b Book
|c Children Collection
|e Cawangan Segamat
|